000
00276nam a2200097Ia 4500
008
220204s9999 xx 000 0 und d
082
_a
339.5
_b
IND
245
0
_a
India's trade agreements with other countries
260
_a
New Delhi
_b
Directorate of Exhibitions
_c
1973
942
_c
BK
999
_c
22522
_d
22522